|
|
|
|
| LEADER |
00000nam0a2200000 4500 |
| 001 |
279083 |
| 005 |
20231101235157.0 |
| 035 |
|
|
|a (RuTPU)RU\TPU\book\302361
|
| 035 |
|
|
|a RU\TPU\book\302356
|
| 090 |
|
|
|a 279083
|
| 100 |
|
|
|a 20141216d1949 k y0rusy50 ca
|
| 101 |
0 |
|
|a rus
|
| 102 |
|
|
|a RU
|
| 105 |
|
|
|a ac a 001zb
|
| 200 |
1 |
|
|a Александр Ерминингельдович Арбузов
|f Академия наук СССР (АН СССР) ; сост. Н. М. Нестерова ; авт. предисл. Г. Х. Камай
|
| 210 |
|
|
|a Москва
|a Ленинград
|d 1949
|
| 215 |
|
|
|a 46 с.
|c ил., портр.
|
| 225 |
1 |
|
|a Материалы к биобиблиографии ученых СССР: серия химических наук
|h Вып. 12
|
| 320 |
|
|
|a Библиогр.: с. 24-42
|
| 600 |
|
1 |
|a Арбузов
|b А. Е.
|c русский химик-органик
|f 1877-1968
|g Александр Ерминингельдович
|2 stltpush
|3 (RuTPU)RU\TPU\pers\15035
|9 5137
|
| 606 |
1 |
|
|a Химики
|x Персоналии
|2 stltpush
|3 (RuTPU)RU\TPU\subj\69968
|9 84576
|
| 610 |
1 |
|
|a химия
|
| 610 |
1 |
|
|a химическая наука
|
| 610 |
1 |
|
|a Россия
|
| 610 |
1 |
|
|a история
|
| 610 |
1 |
|
|a 20 век
|
| 610 |
1 |
|
|a органическая химия
|
| 675 |
|
|
|a 54(092)(01)
|v 4
|
| 702 |
|
1 |
|a Нестерова
|b Н. М.
|4 220
|
| 702 |
|
1 |
|a Камай
|b Г. Х.
|4 080
|
| 712 |
0 |
2 |
|a Академия наук СССР (АН СССР)
|2 stltpush
|3 (RuTPU)RU\TPU\col\722
|
| 801 |
|
1 |
|a RU
|b 63413507
|c 20141216
|
| 801 |
|
2 |
|a RU
|b 63413507
|c 20180126
|g RCR
|
| 942 |
|
|
|c BK
|